Datum a čas kvízu

36.5 Celkem bodů Celkový počet nahraných bodů na tomto kvízu bez doplňovacích otázek.
2. Pořadí na kvízu Konečné umístění týmu na tomto kvízu.

Zaznamenané odpovědi

# Otázka Odpověď Body Výsledky
1. Ve středu se v Praze konal již... Big Brother Awards (Ceny Velkého bratra) 0
2. Minulý týden se ve Spojených s... Joe Biden 1
3. Na letošní festival Febiofest... Woody Harrelson 1
4. V úterý byl vyhlášen Podnikate... Oliver Dlouhý 0
5. Naše reprezentantka Markéta Da... Denise Herrmannová 1
6. V následujících pěti otázkách... gaviál (indický) 1
7. Desomorfin je syntetický opioi... v Rusku 1
8. Značka Crocs je známá předevší... v USA 0
9. Česká rodinná komedie Jak se k... Marie Poledňáková 1
10. Jak si říká muž, který v roce... Elton John 0